| 000 | 00529nam a22001817a 4500 | ||
|---|---|---|---|
| 005 | 20240517120334.0 | ||
| 008 | 240301b |||||||| |||| 00| 0 eng d | ||
| 020 | _a97888131521571 | ||
| 082 |
_a005.133 _bMAL-C |
||
| 100 | _aMalik,D.S | ||
| 245 |
_aC++ programming from problem analysis to program design / _cD.S Malik . |
||
| 250 | _a6th ed. | ||
| 260 |
_aIndia : _bCengage Learrning ; _c2013 . |
||
| 300 |
_axxvii ,1398 p; _bill; _c23 cm. |
||
| 500 | _aInclude Index. | ||
| 650 | _aComputer Science/Programming | ||
| 999 |
_c35195 _d35195 |
||